| 000 | 00778nam a2200217 4500 | ||
|---|---|---|---|
| 003 | CBULib | ||
| 005 | 20250724120502.0 | ||
| 008 | 250724b |||||||| |||| 00| 0 eng d | ||
| 040 |
_aCBULib _bEnglish _cCBULib _erda |
||
| 041 | _aeng | ||
| 050 | _aCBU(058)MT/2019 | ||
| 110 | _aThe Copperbelt University(CBU) | ||
| 245 |
_aThe Copperbelt University Medical Trust Limited : 2019 annual report : submitted to the 27th annual general meeting _c/ by The Copperbelt University(CBU) |
||
| 260 |
_aKitwe : _bCopperbelt University, _c2019. |
||
| 300 | _a32 pages : illustrations | ||
| 336 |
_2rdacontent _aText | _btxt |
||
| 337 |
_2rdamedia _aUnmediated | _bn |
||
| 338 |
_2rdacarrier _aVolume _bnc |
||
| 650 | _aCOPPERBELT UNIVERSITY MEDICAL TRUST--ANNUAL REPORT | ||
| 942 |
_2mc _c030 |
||
| 999 |
_c86337 _d86337 |
||